|
|
|
แสดงรายละเอียดบรรณานุกรม |
|
|
Brief Record
: Get Marc (ISO 2709)
: E-mail record
: |
|
|
| LEADER 00000nam 2200000uu 4500 | |||
| 001 50487 | |||
| 003 ULIBM | |||
| 008 171127s||||||||th 000 0 tha d | |||
| 020 ^a 978 616 344 7289 | |||
| 082 0 ^a 616.61 ^b ว - ด | |||
| 100 0 ^a วิมลพรรณ วรรณพฤกษ์ | |||
| 245 00 ^a ดูแลไตไม่ให้เสื่อม /^c วิมลพรรณ วรรณพฤกษ์ | |||
| 250 ^a พิมพ์ครั้งที่ 3 | |||
| 260 ^a กรุงเทพฯ : ^b Feel good, ^c 2558 | |||
| 300 ^a 176 หน้า 145 บาท | |||
| 999 ^aลภัสรดา แสงบุญเรือง | |||
| คุณยังไม่ได้ล็อกอิน คุณสามารถมีกิจกรรมร่วมกับเว็บไซต์ได้ แต่ต้องล็อกอินก่อน :: |
|
| สถานะ | |||||||||
| 1. | หนังสือ | 616.61 ว - ด Barcode: 082895 | ►หนังสือทั่วไป | On Shelf ขอยืม | |||||
| [แสดง 1/1 รายการ] | |||||||||

BibComment |
| คอมเมนท์ทรัพยากรรายการนี้ |
|
|
ห้องสมุดโรงเรียนสามัคคีวิทยาคม
159 ถ.บรรพปราการ ต.เวียง อ.เมือง จ.เชียงราย 57000
โทร. 053-711018 โทรสาร 053-713003